01822cam a2200337Ma 4500003000400000005001700004008004100021020003000062040003100092050001600123245011800139250004100257260004500298300006200343336002600405337002800431338002700459504004100486650003600527700002100563700002200584700002000606700001900626700002300645942006900668999001900737952017600756952018400932952018401116952018401300OSt20260415102141.0  a9781260122404 (paperback) cNUSTaNUSTbengdNUSTerda aQP 34.5 GAN00aGanong's review of medical physiology/cKim E Barrett, Susan M. Barman, Heddwen L. Brooks [and] Jason X.-J. Yuan. aTwenty sixth International edition. aNew York :bMcGraw-Hill Medical,cc2019. aix, 741 pages :bchiefly coloured illustrations ;c28 cm. atextbtxt2rdacontent aunmediatedbn2rdamedia avolumebnc2rdacarrier aIncludes bibliographical references. 0aPhysiologyvProblems, exercises aJason X.-J. Yuan aHeddwen L. Brooks aSusan M. Barman1 aKim E. Barrett1 aGanong, William F. cBOOKSkQP34.5mGAN0422lcceTwenty Sixth EditionhQP34.5 GANn0 c168562d168562 00102LCC40708NFICaMEDICALbMAINcGENd2023-01-23ePurchaseg72.00l44m2oQP34.5 GANp92004046404r2025-11-10 09:50:56s2025-10-21v72.00w2023-01-23yBOOKSzDonation 00102LCC40708NFICaMEDICALbMEDICALcGENd2023-01-23ePurchaseg72.00l48oQP34.5 GANp92004046400r2024-04-10 00:00:00s2024-04-10t19/211v72.00w2023-01-23yBOOKSzPurchase 00102LCC40708NFICaMEDICALbMAINcGENd2023-01-23ePurchaseg72.00l66m7oQP34.5 GANp92004046392r2026-04-15 10:24:11s2026-04-15t19/212v72.00w2023-01-23yBOOKSzPurchase 00102LCC40708NFICaMEDICALbMAINcGENd2023-01-23ePurchaseg72.00l44m1oQP34.5 GANp92004046408r2026-03-19 11:34:49s2025-10-21t19/213v72.00w2023-01-23yBOOKSzPurchase